000 00459nab a2200145Ia 4500
003 ES-SlBCS
005 20210601125240.0
008 140529s1979 xxu||||| |||| 00| 0 eng d
041 _aeng
100 1 _aKeehley, Jay T.
_9155964
245 0 0 _aMetaphor Theories and Theoretical Metaphors
_c Jay T. Keehley
650 0 4 _aTeorías Metafóricas
_9155965
773 0 _tPhilosophy and Phenomenological Research
_gvol. 39, 1979, págs. 582-598
_wRev1411
942 _cAR
999 _c527228
_d527228